| 000 | 00512nam a2200181Ia 4500 | ||
|---|---|---|---|
| 005 | 20250610150611.0 | ||
| 008 | 008 250516s9999 xx 000 0 eng d | ||
| 020 | _a9798893650068 | ||
| 040 |
_beng _cSDCL |
||
| 041 |
_aeng _2eng |
||
| 084 | _aX:(G:55) R5 | ||
| 100 |
_aCarroll, Bryce _9812457 |
||
| 245 | 0 | _aEnvironmental economics and sustainability | |
| 260 |
_aNew York : _bMurphy & Moore, _c2025. |
||
| 300 | _avll, 249p. | ||
| 650 |
_aBusiness Economics and Finance _9812458 |
||
| 942 |
_cTEXL _2CC |
||
| 999 |
_c1430624 _d1430624 |
||